[Event "Pierrefitte op"]
[Site "Pierrefitte"]
[Date "2003.09.27"]
[Round "3"]
[White "Piegsa, Patricia"]
[Black "Symoens, David"]
[Result "1-0"]
[WhiteElo "1429"]
[BlackElo "1820"]
[PlyCount "83"]
[EventDate "2003.04.27"]
[EventType "swiss (rapid)"]
[EventRounds "7"]
[EventCountry "FRA"]
[SourceTitle "EXT 2005"]
[Source "ChessBase"]
[SourceDate "2004.11.15"]
[SourceVersion "1"]
[SourceVersionDate "2004.11.15"]
[SourceQuality "1"]

1. d4 Nf6 2. Nf3 e6 3. c4 b6 4. Nc3 Bb7 5. Bg5 Be7 6. e3 d5 7. Bd3 Nbd7 8. 0-0 h6 9. Bh4 0-0 10. Rc1 Rc8 11. Qe2 Re8 12. a3 c5 13. cxd5 Nxd5 14. Bxe7 Nxc3 15. Rxc3 Rxe7 16. Ba6 Rc7 17. Bxb7 Rxb7 18. Rfc1 Rc7 19. b4 Qc8 20. dxc5 bxc5 21. b5 Nb6 22. Ne5 Nd5 23. Rc4 a6 24. Nc6 Red7 25. Rxc5 axb5 26. Qxb5 Kh7 27. a4 Ne7 28. Nxe7 Rxe7 29. Rxc7 Rxc7 30. Rxc7 Qxc7 31. g3 Qc1+ 32. Kg2 Qc2 33. a5 Qe4+ 34. Kg1 f5 35. a6 f4 36. exf4 Qe1+ 37. Qf1 Qa5 38. Qe2 Qb6 39. Qe4+ Kh8 40. Qa8+ Kh7 41. a7 Qd4 42. Qb7 1-0